000 00639nam a2200217Ia 4500
005 20250507130400.0
008 008 250505s9999 xx 000 0 eng d
020 _a9780195125245
037 _aAnnuals, Advances
040 _aEASL
_beng
_cEASL
041 _aeng
_2eng
084 _aQ4xG40:g, P2
_qEASL
100 _aBlum Mark L
245 0 _aOrinigns and development of pure land buddhism
260 _aUSA
_bNew York Oxford University Press
_c2002
300 _a472p.
365 _a¥
_b9299
650 _aJodosho - History; Gen
_9755307
942 _cTEXL
_hQ4xG40:g, P2
999 _c1319381
_d1319381